| 000 | 00703cam a2200205 a 4500 | ||
|---|---|---|---|
| 020 | _a0080311962 : | ||
| 082 | 0 | 0 |
_a358.3 _bSLO _cD |
| 100 | 1 |
_aSloan, C. E. E. _937974 |
|
| 245 | 1 | 0 |
_aMine warfare on land / _cby C.E.E. Sloan ; with a foreword by Nigel Bagnall. |
| 250 | _a1st ed. | ||
| 260 |
_aLondon ; _aWashington, D.C. : _bBrassey's Defence Publishers, _c1986. |
||
| 300 |
_axv, 153 p., [32] p. of plates : _bill., maps ; _c26 cm. |
||
| 500 | _aIncludes index. | ||
| 526 |
_a0 _b0 _c0 _d358_300000000000000_SLO |
||
| 526 |
_a0 _b0 _c0 _d358_300000000000000_SLO |
||
| 526 |
_a0 _b0 _c0 _d358_300000000000000_SLO |
||
| 650 | 0 |
_aMCE _9379 |
|
| 650 | 0 |
_aMines (Military explosives) _937975 |
|
| 942 |
_2ddc _cBK |
||
| 999 |
_c542694 _d542694 |
||